00409cam a2200121 a 4500008004100000035001200041050002100053100002800074245005300102260007100155300002800226651003300254031103s1972 ve a 000 0 spa u aa432955 0aF2325 bC37 19721 aCasanova, Ramon Vicente10aCandelas en la niebla /cRamon Vicente Casanova. aMérida, Venezuela :bTalleres Gráficos Universitarios, c1972. a151 p. :bil. ;c19 cm. 4aVenezuela xHistoria y1917-